La Nationalite Francaise Dans Les Territoires D'Outre-Mer / (Record no. 59958)
[ view plain ]
| 000 -LEADER | |
|---|---|
| fixed length control field | 00924nam a2200301 i 4500 |
| 003 - CONTROL NUMBER IDENTIFIER | |
| control field | EG-GICUC |
| 005 - DATE AND TIME OF LATEST TRANSACTION | |
| control field | 20260128142803.0 |
| 008 - FIXED-LENGTH DATA ELEMENTS--GENERAL INFORMATION | |
| fixed length control field | 260128s1954 fr ||||fr ||| 00| 0 fre d |
| 040 ## - CATALOGING SOURCE | |
| Original cataloging agency | EG-GICUC |
| Transcribing agency | EG-GICUC |
| Modifying agency | EG-GICUC |
| Description conventions | rda |
| Language of cataloging | fre |
| 041 0# - LANGUAGE CODE | |
| Language code of text/sound track or separate title | fre |
| 082 04 - DEWEY DECIMAL CLASSIFICATION NUMBER | |
| Edition number | 21 |
| Classification number | 341.81 |
| Item number | BR . N |
| 092 04 - LOCALLY ASSIGNED DEWEY CALL NUMBER (OCLC) | |
| Edition number | 21 |
| 099 ## - LOCAL FREE-TEXT CALL NUMBER (OCLC) | |
| Classification number | Law1 12 341.81 BR . N 1954 |
| 100 1# - MAIN ENTRY--PERSONAL NAME | |
| Personal name | Brin,Henri-Louis |
| Relator term | Auteur |
| 245 12 - TITLE STATEMENT | |
| Title | La Nationalite Francaise Dans Les Territoires D'Outre-Mer / |
| Statement of responsibility, etc. | Henri-Louis Brin . |
| 264 #0 - PRODUCTION, PUBLICATION, DISTRIBUTION, MANUFACTURE, AND COPYRIGHT NOTICE | |
| Place of production, publication, distribution, manufacture | Paris : |
| Name of producer, publisher, distributor, manufacturer | Recueil Sirey , |
| Date of production, publication, distribution, manufacture, or copyright notice | 1954 . |
| 300 ## - PHYSICAL DESCRIPTION | |
| Extent | 110 Pages ; |
| Dimensions | 30 cm. |
| 336 ## - CONTENT TYPE | |
| Content type term | text |
| Source | rda content |
| 337 ## - MEDIA TYPE | |
| Media type term | Computer |
| Source | rda media |
| 338 ## - CARRIER TYPE | |
| Carrier type term | Online Resource |
| Source | rda carrier |
| 546 ## - LANGUAGE NOTE | |
| Language note | Texte en français |
| 650 04 - SUBJECT ADDED ENTRY--TOPICAL TERM | |
| Topical term or geographic name entry element | Droit international privé |
| 650 04 - SUBJECT ADDED ENTRY--TOPICAL TERM | |
| Topical term or geographic name entry element | Nationalité |
| 700 1# - ADDED ENTRY--PERSONAL NAME | |
| Personal name | Solus,M.Henry |
| 856 ## - ELECTRONIC LOCATION AND ACCESS | |
| Uniform Resource Identifier | <a href="https://fll.law.cu.edu.eg/fulltext/th/B12-02438.pdf">https://fll.law.cu.edu.eg/fulltext/th/B12-02438.pdf</a> |
| 905 ## - Cataloger and Reviser Names | |
| Cataloger Name: | Logain Ashraf |
| 942 ## - ADDED ENTRY ELEMENTS (KOHA) | |
| Source of classification or shelving scheme | Dewey Decimal Classification |
| Koha item type | Books |
| Edition | 21 |
| Suppress in OPAC | No |
| Withdrawn status | Lost status | Source of classification or shelving scheme | Damaged status | Not for loan | Collection | Home library | Current library | Date acquired | Total checkouts | Full call number | Barcode | Date last seen | Copy number | Price effective from | Koha item type |
|---|---|---|---|---|---|---|---|---|---|---|---|---|---|---|---|
| Dewey Decimal Classification | Not for loan | القانون الدولي الخاص | جــــامعة القــاهرة | مكتبة كلية الحقوق - المبنى الرئيسي | 28.01.2026 | Law1 12 341.81 BR . N 1954 1202438 C1 | B12-02438 | 28.01.2026 | 1 | 28.01.2026 | Books | ||||
| Dewey Decimal Classification | القانون الدولي الخاص | جــــامعة القــاهرة | مكتبة كلية الحقوق - المبنى الرئيسي | 29.01.2026 | Law1 12 341.81 BR . N 1954 1202356 C2 | B12-02356 | 29.01.2026 | C2 | 29.01.2026 | Books |